| 000 | 00521nam a22001697a 4500 | ||
|---|---|---|---|
| 005 | 20251108170448.0 | ||
| 008 | 250721s1982 xx 000 0 ara d | ||
| 082 | 1 | 4 | _aط/ق/احم |
| 100 | 1 | _aشوقي، أحمد | |
| 245 | 1 | 0 |
_aحكايات عن الأسد : _bقصص في قصائد / |
| 264 | 1 |
_aالقاهرة : _bالهيئة المصرية العامة، _c1982. |
|
| 300 | _a16ص : مصور | ||
| 650 | 1 | 7 | _aالقصص العربية |
| 650 | 1 | 7 | _aالأدب العربي |
| 942 |
_2ddc _cBK |
||
| 999 |
_c41040 _d41040 |
||